Normale Ansicht MARC-Ansicht ISBD

Ein Soldatenschicksal in Brandenburg - zum Gedenken an den 8. Mai 1945 / (Titelsatznr. 371555)

[ MARC ]
MARC-Details
000 -Satzkennung
Kontrollfeld mit fester Länge 00725naa a2200193 4500
001 - Kontrollnummer
Kontrollfeld 19954
003 - Kontrollnummer Identifier
Kontrollfeld OSt
005 - Datum und Zeit der letzten Transaktion
Kontrollfeld 20220408130225.0
007 - Feld mit fester Länge zur physischen Beschreibung - Allgemeine Information
Kontrollfeld mit fester Länge tu
008 - Feld mit fester Länge zur physischen Beschreibung - Allgemeine Angaben
Kontrollfeld mit fester Länge 190527|||||||||||| ger
040 ## - Katalogisierungsquelle
Original-Katalogisierungsstelle DE-2950
Übertragungsstelle DE-2950
245 00 - Titel
Titel Ein Soldatenschicksal in Brandenburg - zum Gedenken an den 8. Mai 1945 /
Verfasserangabe etc. Lutz Fahron
260 ## - Publikation, Vertrieb usw.
Erscheinungsjahr, Vertriebsjahr etc. 2021
490 ## - Gesamttitelangabe
Gesamttitelangabe Mitteilungen Historischer Verein zu Frankfurt (Oder) e.V.;
Bandnummer/Folgebezeichnung H. 1. 2021
546 ## - Fußnote zur Sprache
Sprache deutsch
653 ## - Indexierungsterm - Nicht normiert
Nicht-normierter Term Franke, Max Walter ; Wachtmeister, Oberleutnant, 07.04.1892 in Frankfurt (Oder) - 08.05.1945 in Christinendorf
773 0# - Übergeordnete Einheit
Ort, Verlag und Erscheinungsjahr Frankfurt (Oder)
Verknüpfungsangaben Heft 1/2021, S. 15-21
Titel Mitteilungen Historischer Verein zu Frankfurt (Oder) e. V
Datensatzkontrollnummer 11310
942 ## - Zusätzliche Felder (Koha)
Klassifikation oder Aufstellungssystematik Andere/Generische Klassifikation
Koha-Medientyp Aufsätze
Exemplare
Ausgeschieden Verloren Klassifikation oder Aufstellungssystematik Beschädigt Nicht entleihbar Heimatbibliothek Aufenthaltsbibliothek Aufstellungsort Erwerbungsdatum Anzahl Ausleihen Signatur Letzte Aktivität Preis gültig von Koha-Medientyp
    Andere/Generische Klassifikation     Stadtarchiv Frankfurt (Oder) | Archivbibliothek Stadtarchiv Frankfurt (Oder) | Archivbibliothek Lesesaal 08/04/2022   Z2 08/04/2022 08/04/2022 Aufsätze